Southville International School and Colleges
Your cart is empty.
  • Cart
  • Lists
    Public lists Eva Luna New books Lux_list list_1
    Your lists Log in to create your own lists
  • Log in to your account
  • Your cookies
  • Search history
Southville International School and Colleges
  • Advanced search
  • Recent comments
  • Most popular
  • Libraries

Log in to your account

Log in with GOOGLE


If you do not have an external account, but do have a local account, you can still log in:

  1. Home
  2. MARC view: A Budget of Christmas Tales by Charles Dickens and Others
Normal view MARC view ISBD view

A Budget of Christmas Tales by Charles Dickens and Others (Record no. 257453)

[ view plain ]
MARC details
000 -LEADER
fixed length control field 01743cam a22003133a 4500
001 - CONTROL NUMBER
control field 28198
003 - CONTROL NUMBER IDENTIFIER
control field PGUSA
005 - DATE AND TIME OF LATEST TRANSACTION
control field 20140828083617.0
008 - FIXED-LENGTH DATA ELEMENTS--GENERAL INFORMATION
fixed length control field 090226s2009||||xxu|||||s|||||000 | eng d
040 ## - CATALOGING SOURCE
Original cataloging agency PGUSA
Language of cataloging eng
042 ## - AUTHENTICATION CODE
Authentication code dc
050 #4 - LIBRARY OF CONGRESS CALL NUMBER
Classification number PZ
245 12 - TITLE STATEMENT
Title A Budget of Christmas Tales by Charles Dickens and Others
Medium [electronic resource]
260 ## - PUBLICATION, DISTRIBUTION, ETC. (IMPRINT)
Name of publisher, distributor, etc Project Gutenberg,
Date of publication, distribution, etc 2009
505 0# - FORMATTED CONTENTS NOTE
Formatted contents note Dickens, C. A Christmas carol -- Sangster, M. E. The Christmas babe -- Corning, Mrs. W. H. A western Christmas -- Bacheller, I. Joe's search for Santa Claus -- Schayer, J. Angela's Christmas -- The first Puritan Christmas tree -- Butterworth, H. First New England Christmas -- Dickens, C. The chimes -- Redmond, C. Billy's Santa Claus experience -- Stowe, Mrs. H. B. Christmas in Poganuc -- Molesworth, Mrs. The Christmas princess -- Widow Townsend's visitor -- Wilcox, E. W. The old man's Christmas -- Dickens, C. The Christmas goblin -- Mead, C. H. The song of the star -- Collingwood, H. W. Indian Pete's Christmas gift -- My Christmas dinner -- Dickens, C. The poor traveler -- The legend of the Christmas tree -- Ewing, J. H. The peace egg.
506 ## - RESTRICTIONS ON ACCESS NOTE
Terms governing access Public domain in the USA.
516 ## - TYPE OF COMPUTER FILE OR DATA NOTE
Type of computer file or data note Electronic text
653 ## - INDEX TERM--UNCONTROLLED
Uncontrolled term Christmas stories
700 1# - ADDED ENTRY--PERSONAL NAME
Personal name Dickens, Charles,
Dates associated with a name 1812-1870
700 1# - ADDED ENTRY--PERSONAL NAME
Personal name Collingwood, Herbert W.
Fuller form of name (Herbert Winslow),
Dates associated with a name 1857-1927
700 1# - ADDED ENTRY--PERSONAL NAME
Personal name Schayer, Julia Thompson von Stosch,
Dates associated with a name 1840-1928
700 1# - ADDED ENTRY--PERSONAL NAME
Personal name Molesworth,
Titles and other words associated with a name Mrs,
Dates associated with a name 1839-1921
700 1# - ADDED ENTRY--PERSONAL NAME
Personal name Ewing, Juliana Horatia Gatty,
Dates associated with a name 1841-1885
700 1# - ADDED ENTRY--PERSONAL NAME
Personal name Stowe, Harriet Beecher,
Dates associated with a name 1811-1896
700 1# - ADDED ENTRY--PERSONAL NAME
Personal name Wilcox, Ella Wheeler,
Dates associated with a name 1850-1919
830 #0 - SERIES ADDED ENTRY--UNIFORM TITLE
Uniform title Project Gutenberg
Volume number/sequential designation 28198
856 40 - ELECTRONIC LOCATION AND ACCESS
Uniform Resource Identifier <a href="http://www.gutenberg.org/ebooks/28198">http://www.gutenberg.org/ebooks/28198</a>
942 ## - ADDED ENTRY ELEMENTS (KOHA)
Koha item type eBooks
Holdings
Withdrawn status Lost status Damaged status Home library Current library Date acquired Total Checkouts Date last seen Price effective from Koha item type
      Project Gutenberg Project Gutenberg 08/28/2014   08/28/2014 08/28/2014 eBooks

A Budget of Christmas Tales by Charles Dickens and Others

APA

Dickens C., Collingwood H. W., Schayer J. T. v. S., Molesworth, Ewing J. H. G., Stowe H. B. & Wilcox E. W. (2009). A Budget of Christmas Tales by Charles Dickens and Others. : Project Gutenberg.

Chicago

Dickens Charles, Collingwood Herbert W, Schayer Julia Thompson von Stosch, Molesworth, Ewing Juliana Horatia Gatty, Stowe Harriet Beecher and Wilcox Ella Wheeler. 2009. A Budget of Christmas Tales by Charles Dickens and Others. : Project Gutenberg.

Harvard

Dickens C., Collingwood H. W., Schayer J. T. v. S., Molesworth, Ewing J. H. G., Stowe H. B. and Wilcox E. W. (2009). A Budget of Christmas Tales by Charles Dickens and Others. : Project Gutenberg.

MLA

Dickens Charles, Collingwood Herbert W, Schayer Julia Thompson von Stosch, Molesworth, Ewing Juliana Horatia Gatty, Stowe Harriet Beecher and Wilcox Ella Wheeler. A Budget of Christmas Tales by Charles Dickens and Others. : Project Gutenberg. 2009.

  • Place hold
  • Print
  • Cite
  • Add to your cart (remove)
  • Save record
    BIBTEX Dublin Core MARCXML MARC (non-Unicode/MARC-8) MARC (Unicode/UTF-8) MARC (Unicode/UTF-8, Standard) MODS (XML) RIS
  • More searches
    Search for this title in:
    Other Libraries (WorldCat) Other Databases (Google Scholar) Online Stores (Bookfinder.com) Open Library (openlibrary.org)

Exporting to Dublin Core...

SOUTHVILLE LIBRARY

Southville International School and Colleges Library

1281 Tropical Ave. Cor. Luxembourg St., BF Homes International, Las Pinas City

Tel. No. 8256374 / 252358 Loc. 117/146

Powered by Koha